000 00811nam a2200265 a 4500
001 59251
003 BD-RjUL
005 20211209080717.0
008 820331s1982 nyua bd 000 0 eng d
020 _a0471874779
035 _a(BD-RjUL)59375
040 _aDLC
_cDLC
_dDLC
_dBD-RjUL
_beng
041 _aeng
082 0 0 _a543.803
_223
_bDED 1982
100 1 0 _aDenney, R. C.
_9176233
245 1 2 _aA Dictionary of chromatography /
_cR.C. Denney.
250 _a2nd ed.
260 _aNew York :
_bJohn Wiley & Sons,
_cc1982.
300 _a[14] , 229 p. :
_bill. ;
_c23 cm.
500 _a"A Wiley-Interscience publication."
504 _aIncludes bibliographical references.
650 0 _aChromatographic analysis
_xDictionaries.
_9176234
650 2 _aChromatography
_xDictionaries.
_9176235
942 _2ddc
_cREF
999 _c59251
_d59251